ALL Drag Race France Queens (Including All Stars) - Statistics

General Stats
  • This quiz has been taken 40 times
  • The average score is 37 of 41
Answer Stats
Season Placement Drag Queen % Correct
πŸ‡«πŸ‡· Drag Race France πŸ‡«πŸ‡·-Season 3- 5th Misty Phoenix
100%
πŸ‡«πŸ‡· Drag Race France: All Stars ⭐-Season 1- 3rd/4th Misty Phoenix
100%
πŸ‡«πŸ‡· Drag Race France πŸ‡«πŸ‡·-Season 1- 6thπŸ’ Miss Congeniality πŸ’ Elips
97%
πŸ‡«πŸ‡· Drag Race France: All Stars ⭐-Season 1- πŸ₯ˆ Runner-Up πŸ₯ˆ Elips
97%
πŸ‡«πŸ‡· Drag Race France πŸ‡«πŸ‡·-Season 1- 7th Kam Hugh
97%
πŸ‡«πŸ‡· Drag Race France: All Stars ⭐-Season 1- 6thπŸ’ Miss Congeniality πŸ’ Kam Hugh
97%
πŸ‡«πŸ‡· Drag Race France πŸ‡«πŸ‡·-Season 1- 5th La Big Bertha
97%
πŸ‡«πŸ‡· Drag Race France: All Stars ⭐-Season 1- 7th La Big Bertha
97%
πŸ‡«πŸ‡· Drag Race France πŸ‡«πŸ‡·-Season 1- πŸ₯ˆ Runner-Up πŸ₯ˆ La Grande Dame
97%
πŸ‡«πŸ‡· Drag Race France πŸ‡«πŸ‡·-Season 3- 9th Magnetica
97%
πŸ‡«πŸ‡· Drag Race France: All Stars ⭐-Season 1- 10th Magnetica
97%
πŸ‡«πŸ‡· Drag Race France πŸ‡«πŸ‡·-Season 2- 3rd/4th Mami Watta
97%
πŸ‡«πŸ‡· Drag Race France: All Stars ⭐-Season 1- πŸ† WINNER πŸ† Mami Watta
97%
πŸ‡«πŸ‡· Drag Race France πŸ‡«πŸ‡·-Season 1- πŸ† WINNER πŸ† Paloma
97%
πŸ‡«πŸ‡· Drag Race France πŸ‡«πŸ‡·-Season 2- 3rd/4th Punani
97%
πŸ‡«πŸ‡· Drag Race France: All Stars ⭐-Season 1- 8th Punani
97%
πŸ‡«πŸ‡· Drag Race France πŸ‡«πŸ‡·-Season 2- 11th Rose
97%
πŸ‡«πŸ‡· Drag Race France πŸ‡«πŸ‡·-Season 1- πŸ₯ˆ Runner-Up πŸ₯ˆ Soa de Muse
97%
πŸ‡«πŸ‡· Drag Race France: All Stars ⭐-Season 1- 9th Soa de Muse
97%
πŸ‡«πŸ‡· Drag Race France πŸ‡«πŸ‡·-Season 2- πŸ† WINNER πŸ† Keiona
94%
πŸ‡«πŸ‡· Drag Race France πŸ‡«πŸ‡·-Season 1- 10th La Kahena
94%
πŸ‡«πŸ‡· Drag Race France πŸ‡«πŸ‡·-Season 2- 7th[Quit] πŸ’ Miss Congeniality πŸ’ Moon
94%
πŸ‡«πŸ‡· Drag Race France: All Stars ⭐-Season 1- 5th Moon
94%
πŸ‡«πŸ‡· Drag Race France πŸ‡«πŸ‡·-Season 2- 5th [Orig. 8th] Piche
94%
πŸ‡«πŸ‡· Drag Race France: All Stars ⭐-Season 1- 3rd/4th Piche
94%
πŸ‡«πŸ‡· Drag Race France πŸ‡«πŸ‡·-Season 2- πŸ₯ˆ Runner-Up πŸ₯ˆ Sara Forever
94%
πŸ‡«πŸ‡· Drag Race France πŸ‡«πŸ‡·-Season 1- 8th La BriochΓ©e
91%
πŸ‡«πŸ‡· Drag Race France πŸ‡«πŸ‡·-Season 3- πŸ† WINNER πŸ† Le Filip
91%
πŸ‡«πŸ‡· Drag Race France πŸ‡«πŸ‡·-Season 1- 4th Lolita Banana
91%
πŸ‡«πŸ‡· Drag Race France πŸ‡«πŸ‡·-Season 2- 9th Kitty Space
85%
πŸ‡«πŸ‡· Drag Race France πŸ‡«πŸ‡·-Season 1- 9th Lova Ladiva
85%
πŸ‡«πŸ‡· Drag Race France πŸ‡«πŸ‡·-Season 3- 3rd/4th Lula Strega
85%
πŸ‡«πŸ‡· Drag Race France πŸ‡«πŸ‡·-Season 3- πŸ₯ˆ Runner-Up πŸ₯ˆ Ruby On The Nail
85%
πŸ‡«πŸ‡· Drag Race France πŸ‡«πŸ‡·-Season 2- 6th Cookie Kunty
82%
πŸ‡«πŸ‡· Drag Race France πŸ‡«πŸ‡·-Season 3- 3rd/4th Leona Winter
82%
πŸ‡«πŸ‡· Drag Race France πŸ‡«πŸ‡·-Season 2- 10th Vespi
79%
πŸ‡«πŸ‡· Drag Race France πŸ‡«πŸ‡·-Season 3- 10th Afrodite Amour
76%
πŸ‡«πŸ‡· Drag Race France πŸ‡«πŸ‡·-Season 2- 8th Ginger Bitch
76%
πŸ‡«πŸ‡· Drag Race France πŸ‡«πŸ‡·-Season 3- 7thπŸ’ Miss Congeniality πŸ’ Norma Bell
76%
πŸ‡«πŸ‡· Drag Race France πŸ‡«πŸ‡·-Season 3- 8th Edeha Noire
70%
πŸ‡«πŸ‡· Drag Race France πŸ‡«πŸ‡·-Season 3- 6th Perseo
70%
No matching quizzes found
Score Distribution
Percent of People with Each Score
Percentile by Number Answered
Your Score History
You have not taken this quiz